Llei 14/2007, del 5 de desembre, de l'Institut Català Internacional per la Pau
Descripción Física:
28 p. ; 17 cm
Colección:
Textos legislatius ; 68
MARC
| LEADER | 00000nam a2200000Ia 4500 | ||
|---|---|---|---|
| 001 | 21377 | ||
| 008 | 160829s2008 xx 000 0 cat d | ||
| 080 | |a FU-39-50 | ||
| 100 | |a Catalunya. Llei de l'Institut Català Internacional per la Pau (2007) |9 44405 | ||
| 245 | |a Llei 14/2007, del 5 de desembre, de l'Institut Català Internacional per la Pau | ||
| 250 | |a Ed. no venal | ||
| 260 | |a Barcelona : |b Parlament de Catalunya, |c 2008 | ||
| 300 | |a 28 p. ; |c 17 cm | ||
| 490 | |a Textos legislatius ; 68 | ||
| 590 | |a Títol a la coberta: Llei de l'Institut Català Internacional per la Pau. | ||
| 590 | |a A la portada: Aprovada pel Ple del Parlament (tramitació núm. 200-00013/08) en la sessió núm. 25, del 28 de novembre de 2007 (Diari de Sessions del Parlament de Catalunya, sèrie P, núm. 37/VIII); Publicada en el Butlletí Oficial del Parlament de Catalunya, núm. 176/VIII, del 5 de desembre de 2007; Promulgada el 5 de desembre de 2007 (Diari Oficial de la Generalitat de Catalunya, núm. 5030, del 17 de desembre de 2007). | ||
| 650 | |a Institut Català Internacional per la Pau |x Dret i legislació |x 2008 |9 44406 | ||
| 710 | 1 | |a Catalunya. |b Parlament |9 11492 | |
| 901 | |a Arxiu | ||
| 942 | |n 1 | ||
| 952 | |0 0 |1 0 |4 0 |6 FU3950 |7 1 |9 51934 |a Arxiu |b Arxiu |d 2016-12-01 |l 0 |o FU-39-50 |p 21377 |r 2016-12-01 00:00:00 |w 2016-12-01 |y ARXIU | ||
| 999 | |c 55781 |d 55781 | ||